| 000 | 00475cam a2200181ua 4500 | ||
|---|---|---|---|
| 020 | _cRs.12/50 | ||
| 041 |
_aeng _h |
||
| 082 |
_a342.029 _bVID/CO |
||
| 100 | _aVidyadhara mahajan, Savithri mahajan . | ||
| 245 |
_aConstitutional History of India / _cVidyadhara mahajan. _hTextual Documents |
||
| 260 |
_a : _bS. Chand Co. , _c1964. |
||
| 300 | _a581 ; . | ||
| 365 | _aRs.12/50 | ||
| 504 | _a | ||
| 942 | _cBK | ||
| 999 |
_c11257 _d11257 |
||